Premier League Top Scorers: 2003-2023 - Statistics

General Stats
  • This quiz has been taken 61 times
  • The average score is 19 of 24
Answer Stats
Season Player % Correct
2022-2023 Erling Haaland
98%
2021-2022 Mohamed Salah
96%
2018-2019 Mohamed Salah
96%
2017-2018 Mohamed Salah
96%
2020-2021 Harry Kane
93%
2016-2017 Harry Kane
93%
2015-2016 Harry Kane
93%
2007-2008 Cristiano Ronaldo
88%
2018-2019 Sadio Mané
86%
2005-2006 Thierry Henry
84%
2004-2005 Thierry Henry
84%
2003-2004 Thierry Henry
84%
2021-2022 Heung-min Son
82%
2009-2010 Didier Drogba
80%
2006-2007 Didier Drogba
80%
2014-2015 Sergio Agüero
80%
2019-2020 Jamie Vardy
77%
2012-2013 Robin van Persie
77%
2011-2012 Robin van Persie
77%
2013-2014 Luis Suárez
66%
2018-2019 Pierre-Emerick Aubameyang
66%
2010-2011 Dimitar Berbatov
63%
2010-2011 Carlos Tevez
54%
2008-2009 Nicolas Anelka
46%
No matching quizzes found
Score Distribution
Percent of People with Each Score
Percentile by Number Answered
Your Score History
You have not taken this quiz